Fletcher knowledge quiz - Statistics

General Stats
  • This quiz has been taken 56 times
  • The average score is 20 of 35
Answer Stats
Hint Answer % Correct
What's Fletcher's first name? Cari
100%
What's her middle name? Elise
91%
What state is she from? New Jersey
86%
Month and day of her bday? March 19
84%
What year was it released? 2015
77%
On what diet did she go on? (from Doing better) Pussy
77%
Who did she date in her most known relationship? Shannon Beveridge
77%
What is the name of her most recent album? In Search of the Antidote
75%
What disease was she diagnosed with in 2023? Lyme
73%
Name of her debut EP? Finding Fletcher
70%
When was it released? 2022
68%
Name of debut album? Girl of My Dreams
68%
At who's New Year Eve's party did she perform? Miley Cyrus
68%
Her first single to chart on Billboard Hot 100? Undrunk
66%
Where does she currently live? Los Angeles
61%
Who told her she was to boring to be a solo artist? Simon Cowell
59%
Name of her second EP? You ruined New York City for me
57%
Song she performed at a concert but never releasedthat fans beg for? Sharks
55%
Debut single as solo artist? War Paint
55%
What TV program did she take part in? X Factor
55%
Name of an eurovision song she featured on? Arcade
50%
Who is Becky from "Becky's so hot" Becky Missal
48%
What is her ancestry? German
48%
Her mom's name? Noreen
48%
Her dad's name? Bob
45%
What did her last name originaly mean? Butcher
45%
Song in support of SA survivors? I Believe You
45%
What university did she finish? NYU
45%
Under what label is she? Capitol
43%
The famous performance with fan on stage during"Becky's so hot" is called? Human Mic Stand
39%
What sport did Fletcher play in high school? Volleyball
39%
Who did she support for in Europe in 2023? Panic! at the Disco
34%
Who was Fletcher supposed to be an opening act for in 2020? Niall Horan
27%
From what stage did she graduate? Radio City Music Hall
25%
Mom's profession? Flight attendant
9%
No matching quizzes found
Score Distribution
Percent of People with Each Score
Percentile by Number Answered
Your Score History
You have not taken this quiz